000 00443nam a22001577a 4500
005 20251108164111.0
008 250721s1983 xx 000 0 ara d
082 1 4 _a210/عبد
100 1 _aجاويش، عبد العزيز
245 1 0 _aالإسلام دين الفطرة و الحرية /
264 1 _aالقاهرة :
_bدار الهلال،
_c1983.
300 _a194 ص
650 1 7 _aالإسلام
942 _2ddc
_cBK
999 _c3616
_d3616